000 00588cam a2200229 4500
001 J1435
008 090401t1993 xxu||||| |||| 00| 0 eng d
035 _a(Sirsi) u43452
041 _aeng
050 _a711.552
100 _aHedley, Christopher
245 _a1995 shop rating revaluation. - March 1993
260 _aLondon
_bHillier Parker May and Rowden
_c1993
300 _a1 sheet ; 30cm.
350 _a0
650 _aRATEABLE VALUES
650 _aSHOPS
690 _aRATING AND VALUATION
710 _aHillier Parker Research
_92002
942 _n0
948 _c04/03/1997
999 _c91327
_d91327